Normal view MARC view
  • Alessandra Jealleman

Entry Personal Name

Number of records used in: 1

001 - CONTROL NUMBER

  • control field: 26614

003 - CONTROL NUMBER IDENTIFIER

  • control field: NUST

005 - DATE AND TIME OF LATEST TRANSACTION

  • control field: 20191209125657.0

008 - FIXED-LENGTH DATA ELEMENTS

  • fixed length control field: 191209|| aca||aabn | a|a d

040 ## - CATALOGING SOURCE

  • Original cataloging agency: NUST
  • Transcribing agency: NUST

100 ## - HEADING--PERSONAL NAME

  • Personal name: Alessandra Jealleman

670 ## - SOURCE DATA FOUND

  • Source citation: Work cat.: (NUST): Alessandra Jealleman , The Private Sector's Role in Disaster : .........../, c2016
© 2023 Central Library, National University of Sciences and Technology. All Rights Reserved.